Osobitná úprava uplatňovania dane podľa zákona o dani z pridanej hodnoty v roku 2018
Osobitná úprava podľa zákona o dani z pridanej hodnoty č. 222/2004 Z.z. sa týka úpravy dane pre cestovné kancelárie a cestovné agentúry, uplatňovania dane pri umeleckých dielach, zberateľských predmetoch, starožitnostiach a použitom tovare, uplatňovania dane pre telekomunikačné služby, služby rozhla...
Enregistré dans:
| Auteur principal: | |
|---|---|
| Format: | Chapitre de livre |
| Langue: | slovaque |
| Sujets: | |
| Tags: |
Pas de tags, Soyez le premier à ajouter un tag!
|
MARC
| LEADER | 00000naa a2200000 4500 | ||
|---|---|---|---|
| 001 | 0246924 | ||
| 005 | 20240502073947.7 | ||
| 041 | 0 | |a slo | |
| 044 | |a SK | ||
| 245 | 1 | 0 | |a Osobitná úprava uplatňovania dane podľa zákona o dani z pridanej hodnoty v roku 2018 |c Juraj Válek |
| 520 | |a Osobitná úprava podľa zákona o dani z pridanej hodnoty č. 222/2004 Z.z. sa týka úpravy dane pre cestovné kancelárie a cestovné agentúry, uplatňovania dane pri umeleckých dielach, zberateľských predmetoch, starožitnostiach a použitom tovare, uplatňovania dane pre telekomunikačné služby, služby rozhlasového vysielania a televízneho vysielania a elektronické služby, ktoré dodávajú zdaniteľné osoby neusadené na území Európskej únie, uplatňovania dane pre telekomunikačné služby, služby rozhlasového vysielania a televízneho vysielania a elektronické služby, ktoré dodávajú zdaniteľné osoby usadené na území Európskej únie, ale neusadené v členskom štáte spotreby. | ||
| 610 | 2 | 0 | |a úpravy právne |
| 610 | 2 | 0 | |a dane z hodnoty pridanej |
| 610 | 2 | 0 | |a služby |
| 610 | 2 | 0 | |a kancelárie cestovné |
| 610 | 2 | 0 | |a agentúry |
| 610 | 2 | 0 | |a daňovníci |
| 610 | 2 | 0 | |a Európska únia |
| 100 | 1 | |a Válek, Juraj, 1981- | |